Selena Gomez - Paroles Kill Em With Kindness - Statistiques

Statistiques générales
  • Ce quiz a été pris 28 fois
  • Le résultat moyen est 162 sur 209
Statistiques - réponses
Hint Réponse % Correct
'em
100%
'em,
100%
kill
100%
Refrain Kill
100%
a
96%
be
96%
I
96%
kindness
96%
Couplet 1 The
96%
the
96%
with
96%
You
96%
you
96%
it,
92%
No
92%
we
92%
Pré-refrain Your
92%
your
92%
can
88%
ever
79%
from
79%
Go
79%
go
79%
to
79%
world
79%
yeah
79%
And
75%
and
75%
don't
75%
know
75%
now
75%
grace
71%
nasty
71%
ahead,
67%
ahead
67%
fight
67%
fight,
67%
have
67%
out
67%
place
67%
Put
67%
was
67%
Couplet 2 We're
67%
are
63%
bullets,
63%
fire
63%
gun
63%
of
63%
you're
63%
before
58%
down
58%
fall
58%
time
58%
won
58%
fighting
54%
fighting?
54%
right
54%
war
54%
weapons
54%
chasing
50%
our
50%
running
50%
lies
46%
mouth's
46%
Next
46%
anger
42%
Everyday
42%
piece
42%
somebody
42%
small
38%
dies
33%
lives
33%
igniting
29%
can't
25%
Why
25%
willing
21%
See,
17%
There's
17%
Please,
8%
stop
8%
aways
0%
Aucun quiz correspondant
Distribution des résultats
% des personnes avec chaque résultat
Percentile par nombre de réponses
Votre historique - résultats
Vous n’avez pas pris ce quiz